Growth theory in historical perspective : selected essays of Theo van de Klundert (Record no. 198826)

MARC details
000 -LEADER
fixed length control field 00836nam a2200241Ia 4500
008 - FIXED-LENGTH DATA ELEMENTS--GENERAL INFORMATION
fixed length control field 191130s2001##################000#0#eng##
020 ## - INTERNATIONAL STANDARD BOOK NUMBER
ISBN 9781840646429
082 ## - DEWEY DECIMAL CLASSIFICATION NUMBER
Classification number 338.9 KLU
245 ## - TITLE STATEMENT
Title Growth theory in historical perspective : selected essays of Theo van de Klundert
Statement of responsibility, etc Theo C. M. J. van de Klundert ; edited by Sjak Smulders
260 ## - PUBLICATION, DISTRIBUTION, ETC. (IMPRINT)
Place of publication Cheltenham, UK ; Northampton, MA
Name of publisher Edward Elgar
Year of publication 2001
300 ## - PHYSICAL DESCRIPTION
Number of Pages xxvi, 338 p. : ill. ; 24 cm
500 ## - GENERAL NOTE
General note Includes bibliographical references (p. 332-333) and index
650 ## - SUBJECT ADDED ENTRY--TOPICAL TERM
Topical Term Economic development
Topical Term Economists - Netherlands
Topical Term Klundert, Theo van de
700 ## - ADDED ENTRY--PERSONAL NAME
Personal name Klundert, Theo van de
Personal name Smulders, Sjak
991 ## -
-- 189959
Holdings
Withdrawn status Lost status Damaged status Not for loan Home library Current library Shelving location Date acquired Full call number Accession Number Price effective from Koha item type
        Anna Centenary Library Anna Centenary Library 4TH FLOOR, A WING 13.10.2020 338.9 KLU 348573 13.10.2020 English Books

Find us on the map